Catálogo público

Reproducción e inseminación artificial en animales / (Record no. 163961)

MARC details
000 -CABECERA
campo de control de longitud fija 01024nam a2200313Ia 4500
001 - NÚMERO DE CONTROL
campo de control Z_886
003 - IDENTIFICADOR DEL NÚMERO DE CONTROL
campo de control CHAP
008 - DATOS DE LONGITUD FIJA--INFORMACIÓN GENERAL
campo de control de longitud fija 220113s1989 xx 000 0 und d
010 ## - NÚMERO DE CONTROL DE LA BIBLIOTECA DEL CONGRESO
Número de control de LC 163961
020 ## - NÚMERO INTERNACIONAL ESTÁNDAR DEL LIBRO
Número Internacional Estándar del Libro 968-25-1447-9
040 ## - FUENTE DE LA CATALOGACIÓN
Centro/agencia transcriptor CHAP
082 ## - NÚMERO DE LA CLASIFICACIÓN DECIMAL DEWEY
Número de clasificación 636.0824 R47 1989
240 ## - TÍTULO UNIFORME
Título uniforme Reproduction in farm animals
245 ## - MENCIÓN DE TÍTULO
Título Reproducción e inseminación artificial en animales /
Mención de responsabilidad, etc. editor Elsayed Saad Eldin Hafez; traducción Luis Ocampo Camberos...[et. al.]
250 ## - MENCIÓN DE EDICIÓN
Mención de edición 5a ed.
260 ## - PUBLICACIÓN, DISTRIBUCIÓN, ETC.
Lugar de publicación, distribución, etc. México :
Nombre del editor, distribuidor, etc. Interamericana,
Fecha de publicación, distribución, etc. 1989
300 ## - DESCRIPCIÓN FÍSICA
Extensión 694 p.
500 ## - NOTA GENERAL
Nota general Traducció de la obra en inglés: Reproduction in farm animals 5th ed. de 1987
503 ## - NOTA DE HISTORIA BIBLIOGRÁFICA (BK CF MU) [OBSOLETO]
Nota de historia bibliográfica ej.1: C/E \ ej.2: reposición \ ej.3: C/E \ ej.4: reposición \ ej.5: reposición \ ej.6: s/n
650 ## - PUNTO DE ACCESO ADICIONAL DE MATERIA--TÉRMINO DE MATERIA
Término de materia o nombre geográfico como elemento de entrada Inseminación artificial
9 (RLIN) 58964
650 ## - PUNTO DE ACCESO ADICIONAL DE MATERIA--TÉRMINO DE MATERIA
Término de materia o nombre geográfico como elemento de entrada Reproducción animal
9 (RLIN) 96028
700 ## - PUNTO DE ACCESO ADICIONAL--NOMBRE DE PERSONA
Nombre de persona Hafez, Elsayed Saad Eldin, ed.
9 (RLIN) 138008
901 ## - ELEMENTOS DE DATOS A LOCAL LDA (RLIN)
a 636.0824 R47 1989
902 ## - ELEMENTOS DE DATOS B LOCAL, LDB (RLIN)
a M
910 ## - DATOS DE OPCIÓN DEL USUARIO (OCLC)
Datos de opción del usuario 1989
942 ## - ELEMENTOS DE PUNTO DE ACCESO ADICIONAL (KOHA)
Tipo de ítem Koha Libro_
942 ## - ELEMENTOS DE PUNTO DE ACCESO ADICIONAL (KOHA)
Tipo de ítem Koha
Holdings
Estado de retiro Estado de pérdida Fuente del sistema de clasificación o colocación Estado dañado No para préstamo Código de colección Localización permanente Ubicación/localización actual Ubicación en estantería Fecha de adquisición Total de préstamos Código de barras Fecha visto por última vez Fecha del último préstamo Número de copia Precio válido a partir de Tipo de ítem Koha
    Dewey Decimal Classification     General Zootecnia Zootecnia   09/11/2005 1 z_0835 02/09/2025 02/09/2025 1 18/01/2022 Libro
    Dewey Decimal Classification     General Zootecnia Zootecnia   09/11/2005   z_0836 18/01/2022   2 18/01/2022 Libro
    Dewey Decimal Classification     General Zootecnia Zootecnia   09/11/2005   z_0837 18/01/2022   3 18/01/2022 Libro
    Dewey Decimal Classification     General Zootecnia Zootecnia   09/11/2005   z_1471 18/01/2022   4 18/01/2022 Libro
    Dewey Decimal Classification     General Zootecnia Zootecnia   09/11/2005 1 z_1611 03/10/2024 03/10/2024 5 18/01/2022 Libro
    Dewey Decimal Classification     General Zootecnia Zootecnia   26/11/2011   z_2201 18/01/2022   6 18/01/2022 Libro